=LDR 00000nam 2200000 4500 =001 INLIS000000000015538 =005 20130612110822 =008 ***********************************Inggris** =035 ##$$0010-061300000015538 =041 ##$$a Inggris =082 ##$$a R.597.065 =090 ##$$a R.597.065, bro =100 ##$$a Brochel Rry =245 ##$$a dangerous Fish, Roy Broekel =260 ##$$a 1982 $b Chicago =300 ##$$a 45 hlm, ilus, 21 cm =650 ##$$a Ikan Buas Bacaan Anak-Anak =850 ##$$a NBPNMAT